| 000 | 00690cam a22002413a 4500 | ||
|---|---|---|---|
| 001 | 18538 | ||
| 003 | PGUSA | ||
| 005 | 20140828083408.0 | ||
| 008 | 060608s2006||||xxu|||||s|||||000 | eng d | ||
| 040 |
_aPGUSA _beng |
||
| 042 | _adc | ||
| 050 | 4 | _aF786 | |
| 100 | 1 |
_aSmith, Dama Margaret, _d1892-1973 |
|
| 245 | 1 | 0 |
_aI Married a Ranger _h[electronic resource] / _cDama Margaret Smith |
| 260 |
_bProject Gutenberg, _c2006 |
||
| 506 | _aPublic domain in the USA. | ||
| 516 | _aElectronic text | ||
| 653 | _aIndians of North America -- Arizona | ||
| 653 | _aGrand Canyon (Ariz.) | ||
| 830 | 0 |
_aProject Gutenberg _v18538 |
|
| 856 | 4 | 0 | _uhttp://www.gutenberg.org/ebooks/18538 |
| 942 | _cEB | ||
| 999 |
_c247793 _d247793 |
||